000 01095ny a22002653n 4500
005 20240305165329.0
006 m u
007 cr cn|||||||||
008 200806r20072008sp |||||s|||||||||||spa d
020 _a9788498490350
035 _a2302
040 _aFlNmELB
_cFlNmELB
_dvlex
050 1 4 _aKJE3795
_bO874 2007eb
080 _a343.13:347
090 _c1383
_d1383
100 1 _aOtero García-Castrillón, Carmen
245 1 0 _aCooperación judicial civil en la Unión Europea
_h[Recurso electrónico]
_bel cobro de las deudas /
_cCarmen Otero García-Castrillón
256 _aServicio en línea
260 _aMadrid :
_bDykinson,
_c2007
300 _a[11]-208 p
506 1 _aContenido solo disponible en los productos indicados
_dvLex Global
_dvLex Global (Academic Edition, excluding Law Schools)
_dvLex Global (U.S. Academic Edition, Law Schools)
_dvLex Global (U.S. Academic Edition, excluding Law Schools)
_dvLex Global (Academic Edition, Law Schools)
740 0 _avLex Libros (Servicios en línea)
856 4 0 _uhttps://app.vlex.com/#/sources/2302
942 _cRAA
999 _c159859
_d159859